Mecklembourg-Poméranie-Occidentale - Statistiques

Statistiques générales
  • Ce quiz a été pris 4 fois
  • Le résultat moyen est 5 sur 15
Statistiques - réponses
Ville Population % Correct
Rostock 208 400
100%
Schwerin 98 596
75%
Bergen auf Rügen 13 689
50%
Stralsund 59 363
50%
Anklam 12 312
25%
Bad Doberan 12 954
25%
Greifswald 59 691
25%
Güstrow 29 556
25%
Neubrandenburg 63 989
25%
Neustrelitz 20 340
25%
Parchim 18 037
25%
Ribnitz-Damgarten 15 721
25%
Wismar 43 878
25%
Hagenow 12 399
0%
Waren 21 267
0%
Aucun quiz correspondant
Distribution des résultats
% des personnes avec chaque résultat
Percentile par nombre de réponses
Votre historique - résultats
Vous n’avez pas pris ce quiz